000 00362pab a2200133 454500
008 180718b1998 xxu||||| |||| 00| 0 eng d
245 _aREVIEW of political economy (a special feature)
260 _c1998
300 _ap.PE2-52
362 _a31 Jan-6 Feb
650 _aEconomic and social development
773 _aEconomic and Political Weekly
909 _a36378
999 _c36378
_d36378